| 000 | 00522nam a2200193Ia 4500 | ||
|---|---|---|---|
| 003 | OSt | ||
| 005 | 20230411161727.0 | ||
| 008 | 210423s2009 xx 000 0 und d | ||
| 040 | _cAL | ||
| 041 | _aeng | ||
| 082 |
_a368 _223 _bKRIG |
||
| 100 |
_aKRISHNASWAMY (G). _986496 |
||
| 245 | _aTexbook on principles and practice of life insurance. | ||
| 260 |
_aNew Delhi _bExcel Books _c2009 |
||
| 300 | _axii,311 | ||
| 365 |
_b360 _cINR |
||
| 906 | _ainsurance. ; life ; practice ; principles ; Texbook | ||
| 942 |
_2ddc _cBK |
||
| 999 |
_c157190 _d157190 |
||